000 00538nam a2200241Ia 4500
003 OSt
005 20220912145818.0
006 a|||||r|||| 00| 0
007 ta
008 220909b |||||||| |||| 00| 0 eng d
024 _a78616
037 _cTextbook
040 _aCSL
_beng
_cCSL
041 _aeng
082 _ag:527, n8
100 _abrady
245 0 _aNatural attenuation
260 _c1998
300 _ap.
_ccm.
650 _aBiology
942 _hg:527, n8
_cTB
_2CC
999 _c38795
_d38795